Príprava mobilnej aplikácie určenej na skríning vekom podmienenej degenerácie makuly

Na minha lista:
Detalhes bibliográficos
Autor principal: Malíšek, Miroslav (Author)
Outros Autores: Kurilová, Veronika (Thesis advisor)
Formato: Manuscrito Livro
Idioma:eslovaco
Publicado em: 2025
Assuntos:
Acesso em linha:http://is.stuba.sk/zp/portal_zp.pl?podrobnosti=184410
Tags: Adicionar Tag
Sem tags, seja o primeiro a adicionar uma tag!

MARC

LEADER 00000ntm a22000003a 4500
001 stuzp105537
003 SK-STU
005 20250614213927.8
007 ta
008 150427s2015----xo-----f-mn---000-0-slo-d
040 |a STU  |b slo 
041 0 |a slo 
100 1 |a Malíšek, Miroslav  |u 030510  |4 aut  |U FEI Fakulta elektrotechniky a informatiky  |T FEI INOLab - Centrum pre inovácie a kybernetickú bezpečnosť  |X 104264  |U 030510  |Y 846  |7 104264 
242 0 1 |a Preparation of a mobile application intended for the screening of age-related macular degeneration  |y eng 
245 1 0 |a Príprava mobilnej aplikácie určenej na skríning vekom podmienenej degenerácie makuly 
260 |c 2025 
650 4 |a disease simulation  |2 eng 
650 4 |a machine learning  |2 eng 
650 4 |a screening  |2 eng 
650 4 |a mobile application  |2 eng 
650 4 |a Age-related macular degeneration  |2 eng 
650 4 |a simulácia ochorenia  |2 slo 
650 4 |a strojové učenie  |2 slo 
650 4 |a skríning  |2 slo 
650 4 |a mobilná aplikácia  |2 slo 
650 4 |a Vekom podmienená degenerácia makuly  |2 slo 
700 1 |a Kurilová, Veronika  |u 030510  |k Z8  |4 ths  |U FEI Fakulta elektrotechniky a informatiky  |T FEI INOLab - Centrum pre inovácie a kybernetickú bezpečnosť  |X 8036  |U 030510  |Y 846  |7 A000008036 
856 4 |u http://is.stuba.sk/zp/portal_zp.pl?podrobnosti=184410